00516nam a22001337a 4500008004100000020001500041050002800056245017300084260004300257300002200300440003000322700001500352700001500367140822b xxu||||| |||| 00| 0 eng d a0406092494 aKD275.4.L39(1969 vol.2) aThe Law Reports, Appeal Cases(1969 vol.2): House of Lords and Judicial Committee of the Privy Council and Peerage Cases. /cedited by J.F Lamb and assisted by A.H. Bray aLondon:bButterworth & Co. Ltd,c1969. axii, 394p.c24cm. pAppeal cases 1969vVol. 2 aLamb, J.F. aBray, A.H.